|
|
|
|
| LEADER |
00000cam a2200000 a 4500 |
| 001 |
vtls008322718 |
| 003 |
SK-MaSNL |
| 005 |
20260311150341.0 |
| 008 |
200104s1957 xo 000 0 slo |
| 015 |
|
|
|a SKSNBA1957/07-01018
|
| 035 |
|
|
|a SK01SNK19570014935
|
| 035 |
|
|
|a urn:nbn:sk:snk-am3hhip
|
| 035 |
|
|
|a 98948AEB-82B1-4F87-B3C7-4EB192892624
|
| 035 |
|
|
|a urn:nbn:sk:snk-am00d0iv
|
| 035 |
|
|
|a SKM000017398
|
| 040 |
|
|
|a SNK
|b slo
|c SNK
|e AACR2
|
| 041 |
0 |
|
|a slo
|
| 043 |
|
|
|a e-cs---
|
| 044 |
|
|
|a xo
|c SK
|
| 080 |
|
|
|a 331.881(437):655(060.13)
|2 1981
|
| 080 |
|
|
|a 655.15-051
|2 2001
|
| 080 |
|
|
|a (437)
|2 2011
|
| 080 |
|
|
|a (062.13)
|2 2011
|
| 245 |
0 |
0 |
|a Stanovy Pokladnice vzájomnej pomoci
|b schválené predsedníctvom ÚVOS zamestnancov tlače dňa 26. júla 1956
|
| 260 |
|
|
|a Bratislava
|b Práca
|c 1957
|e Bratislava
|f [Polygrafické závody]
|
| 300 |
|
|
|a 15, [1] s.
|c 12°
|
| 650 |
0 |
7 |
|a tlačiari
|2 SNKPH
|9 59112
|
| 651 |
|
7 |
|a Československo
|2 SNKPH
|9 21376
|
| 655 |
|
7 |
|a stanovy
|2 SNKPH
|9 70547
|
| 852 |
|
|
|a Slovenská národná knižnica v Martine
|b 10000
|h SE 1831
|
| 958 |
|
|
|a ONDV
|
| 958 |
|
|
|a TL
|
| 958 |
|
|
|a RK
|
| 958 |
|
|
|a BQ
|
| 999 |
|
|
|c 1164537
|d 1166467
|
| 952 |
|
|
|a SNK
|b SNK
|y VYP
|7 0
|p 17A1189420
|o snkSE 1831 D1
|i snkKSP 1732/57
|0 0
|1 0
|4 0
|d 2018-02-24
|l 0
|r 2026-02-24 20:44:56
|w 2026-02-24
|
| 952 |
|
|
|a SNK
|b SNK
|y PREZ
|7 0
|p 17A0733784
|o snkSE 1831
|i snkKSP 1731/57
|0 0
|1 0
|4 0
|d 2018-01-23
|f 1
|l 0
|r 2026-02-24 20:44:56
|w 2026-02-24
|